[Event "56th TCh-DEN Ex 2017-18"]
[Site "Denmark DEN"]
[Date "2017.12.17"]
[Round "4.5"]
[Board "5"]
[White "Thogersen, Rasmus"]
[Black "Vinter-Schou, Uffe"]
[Result "0-1"]
[BlackTitle "IM"]
[WhiteElo "2251"]
[BlackElo "2336"]
[WhiteTeam "Jetsmark"]
[BlackTeam "Aarhus/Skolerne"]
[WhiteFideId "1431412"]
[BlackFideId "1400568"]
[EventDate "2017.11.18"]

1. e4 g6 2. d4 Bg7 3. Nf3 c6 4. h3 d5 5. e5 Nh6 6. Bf4 f6 7. Qd2 Nf7 8. Nc3 O-O
9. O-O-O b5 10. h4 Bg4 11. Re1 Bxf3 12. exf6 exf6 13. gxf3 Nd7 14. h5 g5 15. h6
Bxh6 16. Bh3 Re8 17. Be3 Nf8 18. f4 Ng6 19. Reg1 gxf4 20. Bxf4 Bxf4 21. Qxf4
Re1+ 22. Nd1 Ng5 23. Qf5 Rxg1 24. Rxg1 Qd6 25. Ne3 Qf4 26. Rxg5 fxg5 27. Qe6+
Kh8 28. Kb1 Rf8 29. Nf5 g4 0-1

[Event "56th TCh-DEN Ex 2017-18"]
[Site "Denmark DEN"]
[Date "2017.12.17"]
[Round "4.5"]
[Board "6"]
[White "Ochsner, Thomas"]
[Black "Christensen, Stefan"]
[Result "1-0"]
[BlackTitle "FM"]
[WhiteElo "2301"]
[BlackElo "2278"]
[WhiteTeam "Aarhus/Skolerne"]
[BlackTeam "Jetsmark"]
[WhiteFideId "1400711"]
[BlackFideId "1404148"]
[EventDate "2017.11.18"]

1. e4 c6 2. d3 d5 3. Nd2 e5 4. Ngf3 Bd6 5. g3 Nf6 6. Bg2 O-O 7. O-O Nbd7 8. b3
Qe7 9. Re1 dxe4 10. Nxe4 Bb4 11. Nxf6+ Qxf6 12. Bd2 Bxd2 13. Qxd2 Qf5 14. Re3
Qh5 15. Rae1 f6 16. d4 exd4 17. Qxd4 Nb6 18. Re4 Bd7 19. Re7 Rad8 20. c4 Qa5 21.
Rd1 Rfe8 22. Rde1 Rxe7 23. Rxe7 Qa3 24. Re1 Rc8 25. Nh4 Qb4 26. Re3 Rf8 27. Be4
Be8 28. Bf5 Bf7 29. Be6 Bxe6 30. Rxe6 Kf7 31. Re2 g6 32. Ng2 Qa3 33. Nf4 Re8 34.
Rxe8 Kxe8 35. Qxf6 Qxa2 36. Qh8+ Kd7 37. Qxh7+ Kc8 38. Qg8+ Kc7 1-0

[Event "56th TCh-DEN Ex 2017-18"]
[Site "Denmark DEN"]
[Date "2017.12.17"]
[Round "4.5"]
[Board "7"]
[White "Hagen, Kresten Skytte"]
[Black "Wilbrandt, Simon Pil"]
[Result "1/2-1/2"]
[WhiteElo "2166"]
[BlackElo "2115"]
[WhiteTeam "Aarhus/Skolerne"]
[BlackTeam "Jetsmark"]
[WhiteFideId "1418629"]
[BlackFideId "1436988"]
[EventDate "2017.11.18"]

1. Nf3 d5 2. d4 c5 3. c4 e6 4. cxd5 exd5 5. Nc3 Nc6 6. g3 Be6 7. Bg2 Nf6 8. O-O
c4 9. Bg5 Be7 10. Ne5 O-O 11. b3 cxb3 12. axb3 Rc8 13. Nxc6 Rxc6 14. Qd3 a6 15.
Rfc1 Qd7 16. Na4 Bf5 17. Qd2 Rfc8 18. Rxc6 Rxc6 19. Rc1 Qd8 20. Rxc6 bxc6 21.
Qc3 Qc8 22. e3 h6 23. Bxf6 Bxf6 24. Bf1 Be7 25. Qa5 Be4 26. Qxa6 Qf5 27. Nc3 Bc2
28. Qxc6 Bxb3 29. Qb7 Qc2 30. Nxd5 Bf8 31. Nf4 Qd1 32. Qa6 g5 33. Ng2 Qf3 34.
Qe2 Qf6 35. Ne1 Be6 36. Bg2 Qg6 37. e4 h5 38. e5 Qb1 39. Be4 Qa1 40. Qd2 Bh6 41.
Kg2 Kg7 42. f3 Bh3+ 43. Kf2 Bd7 44. Bc2 Bb5 45. Qb4 Ba6 46. Qb6 Bc4 47. Qf6+ Kg8
48. Qd8+ Kg7 49. Qf6+ Kg8 50. e6 fxe6 51. Qd8+ Bf8 52. Qxg5+ Bg7 53. Qd8+ Bf8
54. Qd7 Bb4 55. Qc8+ Kg7 56. Qxc4 Qxe1+ 57. Kg2 Bc3 58. Qd3 Qd2+ 59. Qxd2 Bxd2
60. Kf2 h4 61. gxh4 Bf4 62. h3 Kf6 63. Ke2 Bh6 64. Be4 Bf4 65. Kd3 Bh6 66. Bh7
Kg7 67. Be4 Kf6 68. Kc4 Ke7 69. Kc5 Bf4 70. Kc4 Bh6 71. h5 Bf4 72. Bg6 Kf6 73.
Kd3 Bh6 74. Ke4 Bf8 75. f4 Bh6 76. f5 exf5+ 77. Bxf5 Bf8 78. Bg4 Kg7 79. Kf5 Kh8
80. Kg6 Bd6 81. Kf7 Bh2 82. d5 Bd6 83. Bf5 Bh2 84. h6 Bd6 85. Kg6 Ba3 86. h7 Bd6
87. Kf7 Bf8 88. Ke8 Ba3 89. Kd7 Bf8 90. Kc7 Be7 91. d6 Bxd6+ 92. Kxd6 Kg7 93. h4
Kh8 94. Ke7 Kg7 95. Bg6 Kh8 96. h5 Kg7 97. Bf7 Kh8 98. Ke8 Kg7 99. Bg8 Kh8 100.
h6 1/2-1/2

[Event "56th TCh-DEN Ex 2017-18"]
[Site "Denmark DEN"]
[Date "2017.12.17"]
[Round "4.5"]
[Board "8"]
[White "Rosenkilde, Alexander"]
[Black "Rendboe, John Filip"]
[Result "1/2-1/2"]
[BlackTitle "FM"]
[WhiteElo "2216"]
[BlackElo "2127"]
[WhiteTeam "Jetsmark"]
[BlackTeam "Aarhus/Skolerne"]
[WhiteFideId "1408488"]
[BlackFideId "1403664"]
[EventDate "2017.11.18"]

1. d4 d5 2. c4 e6 3. Nf3 Nf6 4. g3 Bb4+ 5. Bd2 Bxd2+ 6. Nbxd2 O-O 7. Bg2 b6 8.
b4 c6 9. O-O a5 10. a3 axb4 11. axb4 Rxa1 12. Qxa1 dxc4 13. Nxc4 Nd5 14. Rb1 Qe7
15. e4 Nxb4 16. Nxb6 Ba6 17. Qc3 Nd3 18. Bf1 Qf6 19. Kg2 Nf4+ 20. gxf4 Qg6+ 21.
Kh1 Qxe4 22. Re1 Qxf4 23. Bg2 Rd8 24. Qe3 Qc7 25. Na4 Nd7 26. Ne5 Nxe5 27. Qxe5
Qxe5 28. dxe5 Rd2 29. Kg1 Bb5 30. Nc3 Rc2 31. Nxb5 cxb5 32. Bf1 Rc5 33. Rb1 Rxe5
34. Rxb5 Rxb5 35. Bxb5 e5 36. Kg2 g6 37. Kg3 Kg7 38. Kg4 f5+ 39. Kg5 h6+ 40. Kh4
Kf7 41. Kg3 Ke7 42. Kf3 g5 43. Ke3 g4 44. Bf1 Kf6 45. h4 gxh3 46. Bxh3 Kg5 47.
Bf1 h5 48. Kf3 h4 49. Bh3 Kf6 50. Bf1 Kg5 51. Be2 Kf6 52. Kg2 Kg5 53. Kh3 e4 54.
Bd1 f4 55. Ba4 e3 56. fxe3 1/2-1/2

[Event "56th TCh-DEN Ex 2017-18"]
[Site "Denmark DEN"]
[Date "2018.01.13"]
[Round "5.1"]
[Board "1"]
[White "Hector, Jonny"]
[Black "Hagen, Andreas Skytte"]
[Result "1/2-1/2"]
[WhiteTitle "GM"]
[BlackTitle "IM"]
[WhiteElo "2493"]
[BlackElo "2383"]
[WhiteTeam "Nordkalotten"]
[BlackTeam "Aarhus/Skolerne"]
[WhiteFideId "1700090"]
[BlackFideId "1407341"]
[EventDate "2017.11.18"]

1. e4 c5 2. Nf3 d6 3. d4 cxd4 4. Nxd4 Nf6 5. Nc3 a6 6. Bg5 e6 7. f4 Qb6 8. Nb3
Be7 9. Qe2 Qc7 10. O-O-O Nbd7 11. g4 h6 12. Bh4 g5 13. e5 dxe5 14. fxg5 hxg5 15.
Bxg5 b5 16. Bg2 Bb7 17. Bxb7 Qxb7 18. Rhf1 b4 19. Bxf6 Nxf6 20. g5 bxc3 21. gxf6
cxb2+ 22. Kxb2 Bf8 23. Qxe5 Rc8 24. Rd3 Rh4 25. Rfd1 Rhc4 26. c3 Qb5 27. Qe3 a5
28. Qa7 Rf4 29. Qxa5 Qxa5 30. Nxa5 Rxf6 31. R1d2 Bh6 32. Rg2 Ke7 33. Nb3 e5 34.
a4 Re6 35. a5 f5 36. Rd5 Kf6 37. Nc5 Rxc5 38. Rxc5 e4 39. Kc2 Be3 40. Rc8 Ra6
41. Re2 Ba7 42. Rf8+ Kg5 43. h4+ Kf4 44. h5 Rxa5 45. Kb3 Ra6 46. Ra2 Rxa2 47.
Kxa2 e3 48. h6 e2 49. h7 e1=Q 50. h8=Q Qe2+ 51. Kb3 Qb5+ 52. Kc2 Qe2+ 53. Kb3
Qb5+ 54. Kc2 Qe2+ 1/2-1/2

[Event "56th TCh-DEN Ex 2017-18"]
[Site "Denmark DEN"]
[Date "2018.01.13"]
[Round "5.1"]
[Board "2"]
[White "Skytte, Rasmus"]
[Black "Jepson, Christian"]
[Result "1/2-1/2"]
[WhiteTitle "IM"]
[BlackTitle "IM"]
[WhiteElo "2394"]
[BlackElo "2404"]
[WhiteTeam "Aarhus/Skolerne"]
[BlackTeam "Nordkalotten"]
[WhiteFideId "1404210"]
[BlackFideId "1701185"]
[EventDate "2017.11.18"]

1. Nf3 d5 2. c4 e6 3. e3 c5 4. cxd5 exd5 5. d4 Nf6 6. Be2 Nc6 7. O-O a6 8. b3
cxd4 9. Nxd4 Bd6 10. Bb2 O-O 11. Nd2 Re8 12. N2f3 Ne4 13. Nxc6 bxc6 14. Qd4 Bf8
15. Rfd1 Bb7 16. Nd2 c5 17. Qd3 Ng5 18. Bf3 Nxf3+ 19. Nxf3 Qe7 20. Rac1 Rac8 21.
h3 Red8 22. Qf5 h6 23. Qf4 Qe6 24. Rd2 f6 25. Rdc2 Bd6 1/2-1/2

[Event "56th TCh-DEN Ex 2017-18"]
[Site "Denmark DEN"]
[Date "2018.01.13"]
[Round "5.1"]
[Board "3"]
[White "Brynell, Stellan"]
[Black "Christensen, Tobias"]
[Result "1/2-1/2"]
[WhiteTitle "GM"]
[BlackTitle "IM"]
[WhiteElo "2411"]
[BlackElo "2352"]
[WhiteTeam "Nordkalotten"]
[BlackTeam "Aarhus/Skolerne"]
[WhiteFideId "1700219"]
[BlackFideId "1400673"]
[EventDate "2017.11.18"]

1. d4 e6 2. Nf3 f5 3. g3 Nf6 4. Bg2 d5 5. O-O Bd6 6. c4 O-O 7. Qc2 c6 8. Nc3 Qe7
9. Rb1 Nbd7 10. c5 Bc7 11. b4 e5 12. dxe5 Nxe5 13. Nxe5 Bxe5 14. e3 Bd7 15. Bb2
Rae8 16. Ne2 g5 17. Bxe5 Qxe5 18. Qb2 Qe6 19. Qd4 Ng4 20. h3 Nf6 21. Rb3 Qf7 22.
f4 h6 23. Nc3 Qe7 24. Ne2 Qf7 25. Nc3 Qe7 26. Ne2 Qf7 1/2-1/2

[Event "56th TCh-DEN Ex 2017-18"]
[Site "Denmark DEN"]
[Date "2018.01.13"]
[Round "5.1"]
[Board "4"]
[White "Vinter-Schou, Uffe"]
[Black "Sylvan, Jacob"]
[Result "1/2-1/2"]
[WhiteTitle "IM"]
[BlackTitle "FM"]
[WhiteElo "2336"]
[BlackElo "2360"]
[WhiteTeam "Aarhus/Skolerne"]
[BlackTeam "Nordkalotten"]
[WhiteFideId "1400568"]
[BlackFideId "1402137"]
[EventDate "2017.11.18"]

1. e4 c5 2. Nf3 e6 3. c3 Nf6 4. e5 Nd5 5. g3 d6 6. Bg2 Nc6 7. Qe2 Be7 8. exd6
Qxd6 9. O-O O-O 10. Rd1 Bf6 11. d3 b6 12. Nbd2 Bb7 13. Ne4 Qe7 14. c4 Nc7 15.
Nxf6+ Qxf6 16. Bg5 Qf5 17. Bf4 Rac8 18. d4 cxd4 19. Ne5 Na6 20. Be4 Qh3 21. Nxc6
Bxc6 22. Bxc6 Rxc6 23. Rxd4 f6 24. Bd6 Re8 25. Qf3 Rcc8 26. Qb7 e5 27. Rd5 Nc5
28. Bxc5 bxc5 29. Rd7 Qg4 30. h3 Qg6 31. Rad1 h5 32. Re7 Rcd8 33. Rd5 h4 34. g4
Rb8 35. Qxa7 Rxb2 36. Rxe8+ Qxe8 37. Rxc5 Qg6 38. Qa8+ Kh7 39. Rc8 Qb1+ 40. Kg2
Rxf2+ 41. Kxf2 Qc2+ 42. Ke3 Qc3+ 43. Ke4 Qd4+ 44. Kf5 Qd7+ 45. Ke4 Qd4+ 46. Kf3
Qd3+ 47. Kf2 Qd2+ 48. Kf3 1/2-1/2

[Event "56th TCh-DEN Ex 2017-18"]
[Site "Denmark DEN"]
[Date "2018.01.13"]
[Round "5.1"]
[Board "5"]
[White "Kristensen, Kaare Hove"]
[Black "Ochsner, Thomas"]
[Result "1/2-1/2"]
[WhiteTitle "FM"]
[WhiteElo "2318"]
[BlackElo "2301"]
[WhiteTeam "Nordkalotten"]
[BlackTeam "Aarhus/Skolerne"]
[WhiteFideId "1400940"]
[BlackFideId "1400711"]
[EventDate "2017.11.18"]

1. e4 e5 2. Nf3 Nc6 3. d4 exd4 4. Bc4 Nf6 5. e5 d5 6. Bb5 Ne4 7. Nxd4 Bc5 8. Be3
O-O 9. Nxc6 bxc6 10. Bxc5 Nxc5 11. Bxc6 Rb8 12. Qxd5 Qe7 13. O-O Rd8 14. Qf3
Qxe5 15. Nc3 Rxb2 16. Rfe1 Qf6 17. Rad1 Rf8 18. Qxf6 gxf6 19. Rd2 Be6 20. h3
Rfb8 21. Nd5 Bxd5 22. Bxd5 Kf8 23. Rde2 Rd8 24. c4 Rxe2 25. Rxe2 Na4 26. Re3 Nb6
27. Ra3 1/2-1/2

[Event "56th TCh-DEN Ex 2017-18"]
[Site "Denmark DEN"]
[Date "2018.01.13"]
[Round "5.1"]
[Board "6"]
[White "Rendboe, John Filip"]
[Black "Hove, Esben Kjems"]
[Result "1/2-1/2"]
[WhiteTitle "FM"]
[BlackTitle "FM"]
[WhiteElo "2127"]
[BlackElo "2325"]
[WhiteTeam "Aarhus/Skolerne"]
[BlackTeam "Nordkalotten"]
[WhiteFideId "1403664"]
[BlackFideId "1401505"]
[EventDate "2017.11.18"]

1. d4 d5 2. c4 c6 3. Nf3 Nf6 4. cxd5 cxd5 5. Nc3 Nc6 6. Bf4 Bf5 7. e3 e6 8. Bb5
Bb4 9. Qa4 O-O 10. Bxc6 Bxc3+ 11. bxc3 bxc6 12. O-O Ne4 13. Rfc1 c5 14. c4 g5
15. Be5 f6 16. Bg3 h5 17. h4 g4 18. Nh2 cxd4 19. exd4 Nxg3 20. fxg3 dxc4 21.
Rxc4 Qb6 22. Rac1 Qb2 23. Qb3 Qxb3 24. axb3 Rab8 25. R1c3 Rb6 26. Nf1 Rd8 27.
Ne3 Be4 28. Rc8 Rxc8 29. Rxc8+ Kg7 30. Rc3 Ra6 31. Kf2 Ra2+ 32. Ke1 Kg6 33. Kd1
Bxg2 34. Rc2 Bf3+ 35. Kd2 Ra1 36. Rc1 Ra6 37. Rc4 Ra3 38. Rc7 f5 39. Kc3 Ra6 40.
Nc4 f4 41. Ne5+ Kf5 42. Kd3 Be4+ 43. Kc3 Bd5 44. Kd3 Be4+ 1/2-1/2

[Event "56th TCh-DEN Ex 2017-18"]
[Site "Denmark DEN"]
[Date "2018.01.13"]
[Round "5.1"]
[Board "7"]
[White "Jakobsen, Peter"]
[Black "Jensen, Jacob Bjerre"]
[Result "1/2-1/2"]
[WhiteTitle "FM"]
[WhiteElo "2182"]
[BlackElo "2140"]
[WhiteTeam "Nordkalotten"]
[BlackTeam "Aarhus/Skolerne"]
[WhiteFideId "1401440"]
[BlackFideId "1401513"]
[EventDate "2017.11.18"]

1. Nf3 c5 2. c4 b6 3. d4 cxd4 4. Nxd4 Bb7 5. Nc3 Nf6 6. f3 e6 7. e4 d6 8. Be2
Be7 9. O-O a6 10. Be3 O-O 11. Qd2 Nbd7 12. Rfd1 Qc7 13. Rac1 Rac8 14. Bf1 Qb8
15. Qf2 Rfe8 16. a3 Bd8 17. b4 Bc7 18. g3 h5 19. Rc2 Ne5 20. Be2 Ng6 21. Nb3 h4
22. g4 d5 23. Bf1 dxc4 24. Nd4 b5 25. a4 e5 1/2-1/2

[Event "56th TCh-DEN Ex 2017-18"]
[Site "Denmark DEN"]
[Date "2018.01.13"]
[Round "5.1"]
[Board "8"]
[White "Tettinek, Michael"]
[Black "Ejsing, Esben"]
[Result "1/2-1/2"]
[WhiteElo "2013"]
[BlackElo "2161"]
[WhiteTeam "Aarhus/Skolerne"]
[BlackTeam "Nordkalotten"]
[WhiteFideId "1404059"]
[BlackFideId "1418572"]
[EventDate "2017.11.18"]

1. d4 Nf6 2. Nf3 b6 3. Bf4 Bb7 4. e3 g6 5. h3 Bg7 6. Be2 O-O 7. O-O d6 8. c4
Nbd7 9. Nc3 e6 10. a4 Ne4 11. Nxe4 Bxe4 12. a5 e5 13. Bh2 Rb8 14. axb6 Rxb6 15.
dxe5 Bxf3 16. Bxf3 Nxe5 17. Bxe5 Bxe5 18. Rxa7 Rxb2 19. Qa4 1/2-1/2

[Event "56th TCh-DEN Ex 2017-18"]
[Site "Denmark DEN"]
[Date "2018.01.13"]
[Round "5.2"]
[Board "1"]
[White "Hansen, Sune Berg"]
[Black "Thybo, Jesper Sondergaard"]
[Result "1/2-1/2"]
[WhiteTitle "GM"]
[BlackTitle "IM"]
[WhiteElo "2580"]
[BlackElo "2472"]
[WhiteTeam "Hillerod"]
[BlackTeam "Jetsmark"]
[WhiteFideId "1400266"]
[BlackFideId "1438832"]
[EventDate "2017.11.18"]

1. d4 Nf6 2. Nf3 d5 3. c4 e6 4. g3 Bb4+ 5. Bd2 Be7 6. Bg2 O-O 7. O-O Nbd7 8. Qc2
c6 9. Bf4 b6 10. cxd5 cxd5 11. Ne5 Nxe5 12. Bxe5 Bb7 13. Nc3 Qd7 14. Qd3 Bc6 15.
Rfc1 Rfc8 16. Rc2 b5 17. Rac1 b4 18. Nb1 Ne4 19. Bf4 a6 20. Qd1 Nd6 21. Bxd6
Bxd6 22. Nd2 h6 23. e3 1/2-1/2

[Event "56th TCh-DEN Ex 2017-18"]
[Site "Denmark DEN"]
[Date "2018.01.13"]
[Round "5.2"]
[Board "2"]
[White "Jensen, Bjarke"]
[Black "Schandorff, Lars"]
[Result "1/2-1/2"]
[WhiteTitle "FM"]
[BlackTitle "GM"]
[WhiteElo "2319"]
[BlackElo "2490"]
[WhiteTeam "Jetsmark"]
[BlackTeam "Hillerod"]
[WhiteFideId "1403702"]
[BlackFideId "1400070"]
[EventDate "2017.11.18"]

1. e4 e5 2. Nf3 Nf6 3. Nxe5 d6 4. Nf3 Nxe4 5. d3 Nf6 6. d4 Be7 7. Be2 O-O 8. O-O
Re8 9. h3 Nbd7 10. c3 Nf8 11. Bf4 Ng6 12. Bh2 Bf5 13. Na3 Nd5 14. Qd2 Be4 15.
Rfe1 f5 16. c4 Nb6 17. b3 Bf6 18. Rad1 h6 19. Kf1 Qd7 20. Ng1 Bg5 21. Qa5 f4 22.
Bg4 1/2-1/2

[Event "56th TCh-DEN Ex 2017-18"]
[Site "Denmark DEN"]
[Date "2018.01.13"]
[Round "5.2"]
[Board "3"]
[White "Borge, Nikolaj"]
[Black "Wiwe, Andreas"]
[Result "0-1"]
[WhiteTitle "IM"]
[BlackTitle "FM"]
[WhiteElo "2392"]
[BlackElo "2286"]
[WhiteTeam "Hillerod"]
[BlackTeam "Jetsmark"]
[WhiteFideId "1400312"]
[BlackFideId "1407937"]
[EventDate "2017.11.18"]

1. e4 c5 2. Nf3 d6 3. d4 cxd4 4. Nxd4 Nf6 5. Nc3 a6 6. h3 e6 7. g4 d5 8. Bg2 Bb4
9. O-O h5 10. e5 Nfd7 11. f4 Nc6 12. Be3 hxg4 13. Qxg4 Nxd4 14. Qxg7 Bf8 15.
Qxh8 Nxc2 16. f5 Nxe3 17. fxe6 Qg5 18. exd7+ Bxd7 19. Rf2 O-O-O 20. Qf6 Qxf6 21.
exf6 Kb8 22. Bf3 Bc5 23. Kh1 Rh8 24. Rh2 Bd6 25. Nxd5 Bxh2 26. Nxe3 Be5 27. Kg1
Rxh3 28. Kf2 Bd4 29. Re1 Rh2+ 30. Kg1 Rxb2 31. Bd5 Rb6 32. Bxf7 Rxf6 33. Bd5 Rf5
34. Kg2 Bxe3 35. Bxb7 Rf2+ 36. Kg3 Kxb7 37. Rxe3 Rxa2 38. Rb3+ Bb5 39. Kf3 Rd2
40. Ke3 Rd7 41. Rb4 Kb6 42. Rd4 Re7+ 43. Kd2 Kc5 44. Rh4 Bc4 45. Kc3 Re3+ 46.
Kb2 Kb4 47. Rh1 Re2+ 48. Ka1 Ka3 49. Rd1 Bb3 50. Rc1 Bc2 0-1

[Event "56th TCh-DEN Ex 2017-18"]
[Site "Denmark DEN"]
[Date "2018.01.13"]
[Round "5.2"]
[Board "4"]
[White "Thogersen, Rasmus"]
[Black "Ostergaard, Jens"]
[Result "1-0"]
[BlackTitle "FM"]
[WhiteElo "2251"]
[BlackElo "2220"]
[WhiteTeam "Jetsmark"]
[BlackTeam "Hillerod"]
[WhiteFideId "1431412"]
[BlackFideId "1400606"]
[EventDate "2017.11.18"]

1. e4 d5 2. exd5 Qxd5 3. Nc3 Qd6 4. d4 c6 5. Nf3 Nf6 6. g3 Bg4 7. Bg2 e6 8. O-O
Qd8 9. Re1 Be7 10. h3 Bxf3 11. Bxf3 O-O 12. b3 Nbd7 13. Bb2 Nb6 14. Ne4 Nxe4 15.
Bxe4 Bf6 16. Qf3 a5 17. a4 Nd5 18. Rad1 Qc7 19. h4 Rad8 20. h5 Bg5 21. c4 Nb4
22. Bb1 Rfe8 23. Kg2 b5 24. axb5 cxb5 25. Re5 Bf6 26. Rxb5 Rb8 27. Rc5 Qa7 28.
h6 Rbd8 29. hxg7 Bxg7 30. Qh5 f5 31. Rh1 Bf6 32. Qh6 Qb7+ 33. f3 Bxd4 34. Bxd4
Rxd4 35. Rh5 Rd7 36. Rxa5 Rg7 37. Rg5 Nc6 38. Rb5 Qe7 39. Bxf5 Nd4 40. Qxh7+ 1-0

[Event "56th TCh-DEN Ex 2017-18"]
[Site "Denmark DEN"]
[Date "2018.01.13"]
[Round "5.2"]
[Board "5"]
[White "Jaksland, Tim"]
[Black "Christensen, Stefan"]
[Result "1/2-1/2"]
[WhiteTitle "FM"]
[BlackTitle "FM"]
[WhiteElo "2168"]
[BlackElo "2278"]
[WhiteTeam "Hillerod"]
[BlackTeam "Jetsmark"]
[WhiteFideId "1401084"]
[BlackFideId "1404148"]
[EventDate "2017.11.18"]

1. c4 e5 2. Nc3 Nf6 3. Nf3 Nc6 4. d4 exd4 5. Nxd4 Bb4 6. Bg5 h6 7. Bh4 d6 8. Rc1
Bd7 9. a3 Bxc3+ 10. Rxc3 Ne5 11. f4 Ng6 12. Bxf6 Qxf6 13. g3 O-O 14. Bg2 Rab8
15. O-O a6 16. Qd2 Ne7 17. e4 Rfd8 18. Rd1 Nc6 19. Nc2 Bg4 20. Re1 Bd7 21. Rd1
Bg4 22. Re1 Bd7 23. h3 g5 24. Rf1 gxf4 25. gxf4 Qh4 26. Kh2 Kh7 27. Ne3 Ne7 28.
Nd5 Nxd5 29. cxd5 c5 30. e5 Bf5 31. Qf2 Qxf2 32. Rxf2 b6 33. Re3 Rb7 34. Rfe2
Re7 35. Kg3 Kg6 36. Kf2 b5 37. Bf3 Rc7 38. Rd2 c4 39. Bg4 a5 40. e6 fxe6 41.
dxe6 Bd3 42. e7 Re8 43. Re6+ Kh7 44. Rxd6 Rexe7 45. Rb6 Rc5 46. Be2 Rxe2+ 47.
Rxe2 Bxe2 48. Kxe2 c3 49. bxc3 Rxc3 50. Rxb5 Rxa3 51. h4 a4 52. Ra5 Ra1 53. Kf3
Kg6 1/2-1/2

[Event "56th TCh-DEN Ex 2017-18"]
[Site "Denmark DEN"]
[Date "2018.01.13"]
[Round "5.2"]
[Board "6"]
[White "Rosenkilde, Alexander"]
[Black "Nordenbaek, Jan"]
[Result "1-0"]
[WhiteElo "2216"]
[BlackElo "2194"]
[WhiteTeam "Jetsmark"]
[BlackTeam "Hillerod"]
[WhiteFideId "1408488"]
[BlackFideId "1401475"]
[EventDate "2017.11.18"]

1. d4 d5 2. c4 c6 3. Nf3 Nf6 4. e3 e6 5. b3 c5 6. Bb2 cxd4 7. exd4 Bb4+ 8. Nbd2
Ne4 9. Bd3 Nxd2 10. Nxd2 Qg5 11. Qe2 O-O 12. O-O-O Nc6 13. h4 Bxd2+ 14. Rxd2 Qf6
15. Qh5 h6 16. g4 Nb4 17. Bb1 Qf3 18. Rg1 dxc4 19. bxc4 Qc6 20. c5 Qd5 21. g5
Bd7 22. Qe2 hxg5 23. a3 Nc6 24. Be4 Qa2 25. Rxg5 f5 26. d5 Rf7 27. dxc6 1-0

[Event "56th TCh-DEN Ex 2017-18"]
[Site "Denmark DEN"]
[Date "2018.01.13"]
[Round "5.2"]
[Board "7"]
[White "Svenninggaard, Thomas"]
[Black "Wilbrandt, Simon Pil"]
[Result "1/2-1/2"]
[WhiteElo "2177"]
[BlackElo "2115"]
[WhiteTeam "Hillerod"]
[BlackTeam "Jetsmark"]
[WhiteFideId "1406302"]
[BlackFideId "1436988"]
[EventDate "2017.11.18"]

1. e4 c5 2. Nf3 Nc6 3. Nc3 Nf6 4. d4 cxd4 5. Nxd4 g6 6. Be2 Bg7 7. Be3 O-O 8. g4
d5 9. exd5 Nxd5 10. Nxc6 bxc6 11. Nxd5 cxd5 12. c3 Rb8 13. Qd2 Qa5 14. O-O Bb7
15. f3 Rfd8 16. Rfd1 Bc6 17. a4 Qc7 18. Bb5 Ba8 19. Qf2 a5 20. Rac1 Bc6 21. c4
d4 22. Bxd4 Bxd4 23. Rxd4 Rxd4 24. Qxd4 Bxf3 25. Rf1 e5 26. Qe3 Bxg4 27. Re1 f6
28. c5 Kg7 29. c6 Rd8 30. Rc1 Be6 31. Be2 Bd5 32. Qc5 Be4 33. Rc4 Rd4 34. Rxd4
exd4 35. Bb5 d3 36. Qd4 Bf5 37. b4 axb4 38. Bxd3 Qxc6 39. Bxf5 gxf5 40. Qxb4
Qc1+ 41. Kg2 Qe3 42. Qb7+ 1/2-1/2

[Event "56th TCh-DEN Ex 2017-18"]
[Site "Denmark DEN"]
[Date "2018.01.13"]
[Round "5.2"]
[Board "8"]
[White "Grubert, Christian"]
[Black "Erlandsen, Carsten"]
[Result "1/2-1/2"]
[WhiteElo "2156"]
[BlackElo "2067"]
[WhiteTeam "Jetsmark"]
[BlackTeam "Hillerod"]
[WhiteFideId "1406744"]
[BlackFideId "1402536"]
[EventDate "2017.11.18"]

1. e4 c5 2. Nf3 d6 3. d3 Nf6 4. g3 e6 5. Bg2 Be7 6. O-O O-O 7. Re1 Nbd7 8. c3
Qc7 9. d4 a6 10. Na3 Rb8 11. e5 dxe5 12. dxe5 Nd5 13. c4 Nb4 14. Bf4 b6 15. Qe2
Bb7 16. b3 Rfd8 17. Rad1 Nf8 18. h4 Ng6 19. Rxd8+ Rxd8 20. Bg5 Bxf3 21. Bxf3
Bxg5 22. hxg5 Nd3 23. Rd1 Ndxe5 24. Be4 Rxd1+ 25. Qxd1 Qd7 26. Qe2 Nc6 27. Nc2
Nge5 28. Kg2 Qd6 29. Ne3 Nd4 30. Qh5 g6 31. Qh6 Nf5 32. Nxf5 gxf5 33. Bb7 a5 34.
Qh4 Ng6 35. Qh5 f4 36. Qe2 fxg3 37. fxg3 Qe5 38. Qd2 Qd4 39. Qxd4 cxd4 40. Kf3
Kf8 41. Ke4 e5 42. Kd5 Ke7 43. c5 bxc5 44. Kxc5 Nf8 45. Be4 Ne6+ 46. Kd5 f6 47.
gxf6+ Kxf6 48. a3 h6 49. b4 axb4 50. axb4 Ng5 51. b5 Nxe4 52. b6 d3 53. b7 d2
54. b8=Q d1=Q+ 55. Kxe4 Qe2+ 56. Kd5 Qd3+ 57. Kc6 Qc4+ 58. Kd6 Qd4+ 59. Kc6 Qc4+
60. Kd6 Qd3+ 61. Kc6 Qxg3 62. Qf8+ Kg5 63. Qg7+ Kf4 64. Qxh6+ Kf3 65. Kd5 Qf4
66. Qh5+ 1/2-1/2

[Event "56th TCh-DEN Ex 2017-18"]
[Site "Denmark DEN"]
[Date "2018.01.13"]
[Round "5.3"]
[Board "1"]
[White "Lindgren, Philip"]
[Black "Teplyi, Igor"]
[Result "1-0"]
[WhiteTitle "IM"]
[BlackTitle "IM"]
[WhiteElo "2382"]
[BlackElo "2412"]
[WhiteTeam "BMS"]
[BlackTeam "Nordre"]
[WhiteFideId "1713230"]
[BlackFideId "1413767"]
[EventDate "2017.11.18"]

1. Nf3 c5 2. c4 Nc6 3. Nc3 Nf6 4. d4 cxd4 5. Nxd4 e6 6. a3 Bc5 7. Nb3 Be7 8. e4
O-O 9. Be2 b6 10. O-O Bb7 11. Be3 d6 12. f4 Rc8 13. Bd3 Nd7 14. Qh5 Bf6 15. Rad1
Bxc3 16. bxc3 e5 17. f5 Ncb8 18. Rf3 Nf6 19. Qh4 Nbd7 20. Nd2 Ne8 21. Bg5 f6 22.
Be3 Nc5 23. Be2 Kf7 24. Qxh7 Nxe4 25. Nxe4 Bxe4 26. Rg3 Ke7 27. Bh6 Kd7 28. Bxg7
Nxg7 29. Rxg7+ Kc6 30. Qh4 d5 31. cxd5+ Bxd5 32. Qa4+ 1-0

[Event "56th TCh-DEN Ex 2017-18"]
[Site "Denmark DEN"]
[Date "2018.01.13"]
[Round "5.3"]
[Board "2"]
[White "Petersen, Tom Petri"]
[Black "Haubro, Martin"]
[Result "0-1"]
[WhiteTitle "FM"]
[BlackTitle "IM"]
[WhiteElo "2293"]
[BlackElo "2297"]
[WhiteTeam "Nordre"]
[BlackTeam "BMS"]
[WhiteFideId "1403486"]
[BlackFideId "1414291"]
[EventDate "2017.11.18"]

1. Nf3 Nf6 2. c4 e6 3. Nc3 Bb4 4. Qc2 c5 5. b3 Nc6 6. Bb2 O-O 7. e3 Re8 8. Be2
e5 9. Ng5 h6 10. Nge4 Nxe4 11. Nxe4 d6 12. Ng3 Be6 13. O-O Qd7 14. f4 f5 15.
Rad1 Rf8 16. d3 exf4 17. Rxf4 Ba5 18. d4 cxd4 19. exd4 Nb4 20. Qb1 d5 21. a3 Bc7
22. Rf3 f4 23. axb4 fxg3 24. hxg3 Bf5 25. Bd3 Bg4 26. Rxf8+ Rxf8 27. Rf1 Rxf1+
28. Qxf1 Bxg3 29. cxd5 Qe7 30. d6 Qe3+ 31. Kh1 Bf2 32. d5 Qg3 33. Be5 Qh4+ 34.
Bh2 Bg3 35. Qg1 Bxd6 36. Bc4 Bf5 37. b5 Be4 38. Bf1 b6 39. Bc4 g5 40. Be2 h5 41.
Bf3 Bxf3 42. gxf3 Kf7 43. Kg2 Qxh2+ 44. Qxh2 Bxh2 45. Kxh2 Ke7 0-1